00470nam a2200193 a 4500001001300000003000900013005001700022008004100039020001100080082001700091100001200108245001900120260003200139300000800171500003500179505002700214650002300241700001200264nice12345678IN_TiNIC20260116011621.0050524s1927 teha grp 000 0 urd  ac0.2500a297.409bFAU aFauq, M aIbraheem Adham aTehranbNo Publisher c1927 a56p aincludes index and biblioraphy2 aPlus Some Other Tracts aSufism-Hagiography1 aFauq, M